MARC

LEADER 00000nam0a2200000 4500
001 672861
005 20240530143024.0
035 |a (RuTPU)RU\TPU\book\134765 
090 |a 672861 
100 |a 20240530d1965 km|y0rusy50 ca 
101 0 |a rus 
102 |a RU 
105 |a a z 001zy 
181 0 |a i   |b  e  
182 0 |a n 
183 0 |a nc  |2 RDAcarrier 
200 1 |a Оптимальное сочетание двигателей ограниченной скорости истечения и ограниченной мощности  |f Центральный аэрогидродинамический институт ; В. Н. Гаевская, Ю. Н. Иванов, В. П. Моисеенко 
210 |a Москва  |c Бюро научной информации ЦАГИ  |d 1965 
215 |a 16 с.  |c ил. 
225 1 |a Труды Центрального аэро-гидродинамического института  |v Вып. 979 
283 |a volume 
606 |a Аэродинамические установки  |2 stltpush  |3 (RuTPU)RU\TPU\subj\29887  |9 53119 
610 1 |a двигатели 
610 1 |a скорость истечения 
610 1 |a ограниченная мощность 
610 1 |a регулировка 
610 1 |a модельные задачи 
610 1 |a круговые орбиты 
610 1 |a бессиловое поле 
675 |a 533.6.07  |v 3 
700 |a Гаевская  |b В. Н. 
701 |a Иванов  |b Ю. Н. 
701 |a Моисеенко  |b В. П. 
712 0 2 |a Центральный аэрогидродинамический институт (ЦАГИ)  |c (Москва)  |3 (RuTPU)RU\TPU\col\4446 
801 1 |a RU  |b 63413507  |c 20240530  |g PSBO 
801 2 |a RU  |b 63413507  |c 20240530  |g PSBO 
850 |a 63413507 
942 |c CR